000 00477nam a2200181Ia 4500
003 GCL
008 140319s9999 xx 000 0 eng d
040 _aGCL /
_cGCL
082 0 4 _a005.8
_bH I
100 1 _aHARE, CHRIS
245 1 0 _aINTERNET FIREWALLS AND NETWORK SECURITY /
_cHARE, CHRIS
700 1 _aSIYAN, KARANJIT S.
260 _a[S.N] :
_bNEW RIDERS PUBLISHING ،
_c1996
300 _a631 P
650 0 4 _aSECURITY MEASURES
650 0 4 _aINTERNET
942 _2ddc
_cBK
999 _c13438
_d13438